|
|
|
|
| LEADER |
01650nam a22003974a 4500 |
| 001 |
EBC413282 |
| 003 |
MiAaPQ |
| 005 |
20200520144314.0 |
| 006 |
m o d | |
| 007 |
cr cn||||||||| |
| 008 |
990526s2000 ncu sb 001 0 eng |
| 010 |
|
|
|z 99034835
|
| 020 |
|
|
|z 080782528X (alk. paper)
|
| 035 |
|
|
|a (MiAaPQ)EBC413282
|
| 035 |
|
|
|a (Au-PeEL)EBL413282
|
| 035 |
|
|
|a (CaPaEBR)ebr10041258
|
| 035 |
|
|
|a (CaONFJC)MIL929842
|
| 035 |
|
|
|a (OCoLC)476236670
|
| 040 |
|
|
|a MiAaPQ
|c MiAaPQ
|d MiAaPQ
|
| 050 |
|
4 |
|a HF3127
|b .F67 2000
|
| 082 |
0 |
4 |
|a 337.73052
|2 21
|
| 100 |
1 |
|
|a Forsberg, Aaron.
|
| 245 |
1 |
0 |
|a America and the Japanese miracle
|h [electronic resource] :
|b the Cold War context of Japan's postwar economic revival, 1950-1960 /
|c Aaron Forsberg.
|
| 260 |
|
|
|a Chapel Hill, NC :
|b University of North Carolina Press,
|c 2000.
|
| 300 |
|
|
|a xviii, 332 p.
|
| 490 |
1 |
|
|a Luther Hartwell Hodges series on business, society, and the state
|
| 504 |
|
|
|a Includes bibliographical references (p. 295-313) and index.
|
| 533 |
|
|
|a Electronic reproduction. Ann Arbor, MI : ProQuest, 2015. Available via World Wide Web. Access may be limited to ProQuest affiliated libraries.
|
| 650 |
|
0 |
|a Balance of trade
|z United States.
|
| 650 |
|
0 |
|a Balance of trade
|z Japan.
|
| 651 |
|
0 |
|a United States
|x Foreign economic relations
|z Japan.
|
| 651 |
|
0 |
|a Japan
|x Foreign economic relations
|z United States.
|
| 655 |
|
4 |
|a Electronic books.
|
| 710 |
2 |
|
|a ProQuest (Firm)
|
| 830 |
|
0 |
|a Luther Hartwell Hodges series on business, society, and the state.
|
| 856 |
4 |
0 |
|u https://ebookcentral.proquest.com/lib/matrademy/detail.action?docID=413282
|z Click to View
|